000 00676nam a22001815i 4500
001 169014
003 ES-MaACL
005 20230906213949.0
008 080724s1854 fr |||| | fre d
080 _a782.089.6
100 1 _aMeyerbeer, Giacomo.
_980809
245 1 2 _aL'étoile du nord [
_hmúsica impresa]
_b: opéra-comique en trois actes /
_cparoles de Eug. Scribe ; [musique de] G. Meyerbeer.
260 _aParis :
_bBrandus & Cie.,
_c[1854]
300 _a1 partitura vocal (404 p.) ;
_c28 cm.
650 1 4 _aÓperas-
_xPartituras vocales.
_9137997
700 1 _aScribe, Eugène.
_9104966
852 4 _aES-MaACL
_jL-29302
_9R.143685
_zBiblioteca Jacinto Martínez Lacalle
999 _c169014
_d169014